Countries in Asia Speedrun. - Statistics

General Stats
  • This quiz has been taken 56 times
    48 since last reset
  • The average score is 26 of 49
Answer Stats
Answer % Correct
China
89%
India
81%
Iran
81%
Japan
81%
North Korea
81%
South Korea
81%
Laos
78%
Cambodia
70%
Iraq
70%
Philippines
70%
Afghanistan
67%
Pakistan
67%
Indonesia
63%
Kazakhstan
63%
Malaysia
63%
Russia
59%
Singapore
59%
Turkmenistan
59%
Vietnam
59%
Brunei
56%
Israel
56%
Kyrgyzstan
56%
Armenia
52%
Bhutan
52%
Mongolia
52%
Oman
52%
Thailand
52%
Yemen
52%
Azerbaijan
48%
Georgia
48%
Jordan
48%
Nepal
48%
Bahrain
44%
Qatar
44%
Saudi Arabia
44%
Taiwan
44%
Tajikistan
44%
Bangladesh
41%
Myanmar
41%
Sri Lanka
41%
Syria
41%
Uzbekistan
41%
East Timor
37%
Kuwait
37%
Cyprus
30%
Lebanon
30%
Maldives
30%
United Arab Emirates
30%
Turkiye
11%
No matching quizzes found
Score Distribution
Percent of People with Each Score
Percentile by Number Answered
Your Score History
You have not taken this quiz since the last reset